MARC details
| 000 -CABECERA |
| campo de control de longitud fija |
01122cam a2200277 a 4500 |
| 001 - NÚMERO DE CONTROL |
| campo de control |
000006941 |
| 005 - FECHA Y HORA DE LA ÚLTIMA TRANSACCIÓN |
| campo de control |
20240302073956.0 |
| 008 - DATOS DE LONGITUD FIJA--INFORMACIÓN GENERAL |
| campo de control de longitud fija |
870608s1986 cu a b 000 0bspa |
| 040 ## - FUENTE DE LA CATALOGACIÓN |
| Centro catalogador/agencia de origen |
DO-SdBNP |
| Lengua de catalogación |
spa |
| Centro/agencia transcriptor |
BNPHU |
| 082 ## - NÚMERO DE LA CLASIFICACIÓN DECIMAL DEWEY |
| Número de clasificación |
923.57293 |
| Número de documento/Ítem |
G633Bu |
| 049 ## - FONDOS LOCALES (OCLC) |
| Fondos de biblioteca |
BNPD |
| 100 1# - ENTRADA PRINCIPAL--NOMBRE DE PERSONA |
| Nombre de persona |
Buznego Rodríguez, Enrique, |
| Fechas asociadas al nombre |
1853-1895 |
| 9 (RLIN) |
19263 |
| 245 10 - MENCIÓN DE TÍTULO |
| Título |
Mayor general Máximo Gómez Báez : |
| Resto del título |
sus campañas militares / |
| Mención de responsabilidad, etc. |
Enrique Buznego Rodríguez, Gustavo Pedroso Xiqués, Rolando Zulueta Zulueta ; edición Elsa Pérez Guerra. |
| 260 ## - PUBLICACIÓN, DISTRIBUCIÓN, ETC. |
| Lugar de publicación, distribución, etc. |
La Habana : |
| Nombre del editor, distribuidor, etc. |
Política, |
| Fecha de publicación, distribución, etc. |
1986. |
| 300 ## - DESCRIPCIÓN FÍSICA |
| Extensión |
v. : |
| Otras características físicas |
il., mapas, retrs. ; |
| Dimensiones |
23 cm. |
| 504 ## - NOTA DE BIBLIOGRAFÍA, ETC. |
| Nota de bibliografía, etc. |
Bibliografía : p. 271-277. |
| 505 0# - NOTA DE CONTENIDO CON FORMATO |
| Nota de contenido con formato |
v. 2. 1895-1898. |
| 500 ## - NOTA GENERAL |
| Nota general |
La biblioteca posee el volumen 2 |
| 600 10 - PUNTO DE ACCESO ADICIONAL DE MATERIA--NOMBRE DE PERSONA |
| Nombre de persona |
Gómez, Máximo, |
| Fechas asociadas al nombre |
1836-1905 |
| 9 (RLIN) |
12249 |
| 651 #4 - PUNTO DE ACCESO ADICIONAL DE MATERIA--NOMBRE GEOGRÁFICO |
| Nombre geográfico |
Cuba |
| Subdivisión general |
Historia |
| Subdivisión cronológica |
GUERRA DE LOS DIEZ AÑOS, 1868-1878 |
| 9 (RLIN) |
11018 |
| 651 #4 - PUNTO DE ACCESO ADICIONAL DE MATERIA--NOMBRE GEOGRÁFICO |
| Nombre geográfico |
Cuba |
| Subdivisión general |
Historia |
| Subdivisión cronológica |
GUERRA DE INDEPENDENCIA, 1895-1898 |
| 9 (RLIN) |
11019 |
| 700 1# - PUNTO DE ACCESO ADICIONAL--NOMBRE DE PERSONA |
| Nombre de persona |
Pedroso Xiqués, Gustavo. |
| 9 (RLIN) |
19264 |
| 700 1# - PUNTO DE ACCESO ADICIONAL--NOMBRE DE PERSONA |
| Nombre de persona |
Zulueta Zulueta, Rolando. |
| 9 (RLIN) |
19265 |
| 700 1# - PUNTO DE ACCESO ADICIONAL--NOMBRE DE PERSONA |
| Nombre de persona |
Pérez Guerra, Elsa |
| Término indicativo de función/relación |
ed. |
| 9 (RLIN) |
19266 |
| 910 ## - DATOS DE OPCIÓN DEL USUARIO (OCLC) |
| Datos de opción del usuario |
Validado. Control de calidad BNPHU |